header

Learning Ext JS 4 (Record no. 76775)

MARC details
000 -LEADER
fixed length control field 01242nam a2200313 a 4500
100 1# - MAIN ENTRY--AUTHOR NAME
Personal name Villa, Crysfel.
245 10 - TITLE STATEMENT
Title Learning Ext JS 4
260 ## - PUBLICATION, DISTRIBUTION, ETC. (IMPRINT)
Place of publication Birmingham : :
Name of publisher Packt Pub. Ltd.,
Year of publication 2013.
300 ## - PHYSICAL DESCRIPTION
Number of Pages v, 415 p. :
Other physical details ill.
500 ## - GENERAL NOTE
General note Includes index.
650 #0 - SUBJECT ADDED ENTRY--TOPICAL TERM
Topical Term Web site development
Topical Term Ajax (Web site development technology)
Topical Term JavaScript (Computer program language)
700 1# - ADDED ENTRY--PERSONAL NAME
Personal name Gonzalez, Armando.
856 40 - ELECTRONIC LOCATION AND ACCESS
Uniform Resource Identifier http://site.ebrary.com/lib/rucke/Doc?id=10654562

No items available.

© 2026 Rongo University
Contact us: librarian | system librarian | Rongo university